| 000 | 00823 a2200265 4500 | ||
|---|---|---|---|
| 001 | 75173 | ||
| 005 | 20251210113903.0 | ||
| 010 | _a978-989-741-094-9 | ||
| 090 | _a75173 | ||
| 100 | _a20251209d2013 a||y0pory50 ba | ||
| 101 | 0 | _apor | |
| 102 | _aPT | ||
| 200 | 1 |
_aUm atalho no tempo _fMadeleine L'Engle _gtrad. Susana Serrô; rev. Fernando Milheiro; il. Patrc̕ia Furtado |
|
| 210 |
_aAlfragide _cOficina do Livro _d2013 |
||
| 215 |
_a236, [1] p. _cil. |
||
| 304 | _aTt̕. orig.: A wrinkle in time | ||
| 606 |
_92126 _aLiteratura juvenil |
||
| 675 |
_a85 _zpor |
||
| 675 |
_a087.5 _vBN |
||
| 675 |
_a821.111(73)-93"19/20" _vBN |
||
| 675 |
_a821.111(73)-31"19/20" _vBN |
||
| 702 |
_aSerrô _bSusana _4730 _942294 |
||
| 702 |
_aMilheiro _bFernando Lus̕ _4640 _931856 |
||
| 702 |
_aFurtado _bPatrc̕ia _f1977- _4440 _921037 |
||
| 942 |
_cMON _n0 |
||